These are your markets: A guide to trading conditions and establishing a business
Đã lưu trong:
| Formáid: | Leabhar |
|---|---|
| Teanga: | Undetermined |
| Foilsithe: |
London
Westminster Bank Limited
1965
|
| Ábhair: | |
| Clibeanna: |
Cuir Clib Leis
Gan Chlibeanna, Bí ar an gcéad duine leis an taifead seo a chlibeáil!
|
| Thư viện lưu trữ: | Trung tâm Học liệu Trường Đại học Cần Thơ |
|---|
| LEADER | 00473nam a2200169Ia 4500 | ||
|---|---|---|---|
| 001 | CTU_84941 | ||
| 008 | 210402s9999 xx 000 0 und d | ||
| 082 | |a 382 | ||
| 082 | |b T413 | ||
| 245 | 0 | |a These are your markets: | |
| 245 | 2 | |b A guide to trading conditions and establishing a business | |
| 260 | |a London | ||
| 260 | |b Westminster Bank Limited | ||
| 260 | |c 1965 | ||
| 650 | |a business | ||
| 650 | |z germany | ||
| 980 | |a Trung tâm Học liệu Trường Đại học Cần Thơ | ||